| 000 | 01357cam a22003375i 4500 | ||
|---|---|---|---|
| 001 | 23184814 | ||
| 003 | EG-ScBUE | ||
| 005 | 20240306142736.0 | ||
| 008 | 230613s2023 mauo f d 001 0 eng d | ||
| 020 | _a9780760380611 | ||
| 040 |
_aDLC _beng _erda _cDLC _dEG-ScBUE |
||
| 082 | 0 | 4 |
_222 _a724.91 _bFRA |
| 100 | 1 |
_aFrankowski, Nathalie, _eauthor. |
|
| 245 | 1 | 0 |
_aUniversal principles of architecture : _b100 architectural archetypes, methods, conditions, relationships, and imaginaries / _cNathalie Frankowski, Cruz Garcia. |
| 264 | 1 |
_aBeverly, MA : _bRockport Publishers, _c2023. |
|
| 300 |
_a224 pages : _bphotographs ; _c28 cm |
||
| 336 |
_atext _btxt _2rdacontent |
||
| 337 |
_aunmediated _bn _2rdamedia |
||
| 338 |
_avolume _bnc _2rdacarrier |
||
| 500 | _aIncludes index. | ||
| 500 | _aIncludes glossary. | ||
| 520 |
_a"Universal Principles of Architecture is a concise, visual introduction to 100 of the most fundamental elements of architecture"-- _cProvided by publisher. |
||
| 650 | 7 |
_aArchitecture, Modern _y20th century. _2BUEsh |
|
| 653 |
_cMarch2024 _bENGARC |
||
| 655 | _vReading book | ||
| 700 | 1 |
_aGarcia, Cruz, _eauthor. |
|
| 906 |
_a0 _bibc _corignew _d2 _eepcn _f20 _gy-gencatlg |
||
| 942 |
_2ddc _cBB |
||
| 999 |
_c30706 _d30677 |
||